00390nam a2200157Ia 4500001000500000005001700005008004100022041000800063082001500071100002600086245006700112260000900179300002800188650000800216654000800224518920260306145850.0260306t2011||||xx |||||||||||||| ||spa|| aESP a337.1bG39 aGhemawat, PankajeAUT 0aMundo 3.0:bla prosperidad global y las vías para alcanzarla c2011 a383 páginas :c23 cm. aGEN aCAN